Stuchlik, Stanislav. Borotice. - Brno : Archelogický Ústav Akad. Věd České Republiky. - 2006 [Rezension]

Titel: Stuchlik, Stanislav. Borotice. - Brno : Archelogický Ústav Akad. Věd České Republiky. - 2006 [Rezension]
Verfasser:
In: Pravěk, Band 17 (2007), Seite 473-478
alle Artikel anzeigen
Veröffentlicht: 2007 [2008]
Format: Aufsatz
Sprache: Tschechisch
Kein Bild verfügbar
X
alg: 39522690
001A    $01999:12-11-16 
001B    $01999:09-08-21 $t17:44:04.000 
001D    $01999:12-11-16 
001U    $0utf8 
001X    $00 
002@    $0Aox 
003@    $0395226902 
007A    $0395226902 $aHEB 
007T    $0Herdp34952 
010@    $acze 
011@    $a2007 $n2007 [2008] 
021A    $aStuchlik, Stanislav. Borotice. - Brno : Archelogický Ústav Akad. Věd České Republiky. -  2006 [Rezension] 
028A    $aPodborský $dVladimír 
031A    $d17 $h473-478 $j2007 
039B    $aIn $8--Abvc--. Pravěk. - Brno {[u.a.] : Ústav Archeologické Památkové Péče Brno, 1903-. - ISSN 1211-8338 $x200700000170000527 $9047306319 
039T    $8--Aay--Stuchlik, Stanislav [Tnd]. Borotice. - Brno : Archelogický Ústav Akad. Věd České Republiky, 2006. - 297 S.. - zahlr. Ill, graph. Darst.. - ISBN 80-86023-68-0 $9194382044 
045F    $a900.94371 $eDDC23BSB 
045F/01 $a900 
045F/03 $g4371 
045T    $a6,11 $a6,12 

lok: 39522690 78

exp: 39522690 78 1 #EPN
201B/01 $026-11-17 $t04:20:05.000 
201U/01 $0utf8 
203@/01 $0791558460 
208@/01 $a12-11-16 $be 
209A/01 $a/ $f000 $x00 
220C/01 $aHerkunft: Hú Av Čr Praha 
244Z/01 $#Tschechien $#Tschechische Republik $#Tschechische Republik $#Tschechenland $#Tschechei Tschechien $#Česká Republika $#Czech Republic $#ČR $74303381-7 $8--Tg1--Tschechien $x01 $9086659812 
244Z/01 $2Trx $#Böhmen $#Bohemia $#Czechy $8--Trx--Čechy $x02 $9391188941 
244Z/01 $2Trx $#arvustused $#recenzijos $#Reviews $#recenziók $#recenzje $#recenzie $#recenze $8--Trx--Rezensionen $x03 $9391357441 
247C/01 $82080>Marburg/Lahn, Herder-Institut, Forschungsbibliothek, Bibliographieportal $9336309341
LEADER 00000caa a22000002c 4500
001 395226902
003 DE-603
005 20210809174404.0
007 tu
008 161112s2007 xx |||| | u00||u|cze c
035 |a (DE-599)HEB395226902 
040 |a DE-603  |b ger  |c DE-603  |d DE-603 
041 |a cze 
082 0 4 |8 1\u  |a 900.94371  |q DE-101  |2 23/BSB 
084 |a 6,11  |a 6,12  |2 ssgn 
085 |8 1\u  |b 900 
085 |8 1\u  |z 2  |s 4371 
100 1 |a Podborský, Vladimír 
245 0 0 |a Stuchlik, Stanislav. Borotice. - Brno : Archelogický Ústav Akad. Věd České Republiky. - 2006 [Rezension] 
264 0 |c 2007 [2008] 
773 0 8 |i In  |t Pravěk  |d Brno ˜[u.a.] œ: Ústav Archeologické Památkové Péče Brno, 1903-  |x 1211-8338  |g Band 17 (2007), Seite 473-478  |w (DE-603)047306319  |w (DE-600)209024-7 
787 0 8 |i Rezension von  |a Stuchlik, Stanislav  |t Borotice  |d Brno : Archelogický Ústav Akad. Věd České Republiky, 2006  |h 297 S., zahlr. Ill, graph. Darst.  |z 8086023680  |w (DE-603)194382044 
924 0 |9 2080  |a (DE-603)791558460  |b DE-2080  |c HES  |d d  |g /